000 00813nam a22002417a 4500
005 20170124105934.0
010 _aA-493548
020 _c00.00
_a8185565023
035 _aA-493548
037 _bCen Lib/Ret
040 _aDPL
_bEN
082 _a305.420954
_bSHA
100 _aSharan, B. R.
_974986
245 _aStatus of indian women :
_cby B. R. Sharan
_b a historical perspective /
260 _aNew Delhi
_c1992
_bUppal Publishing House
270 _bNew Delhi
_a3, Ansari Road, Dariya Ganj
_e110002
300 _axiii, 189p.
_c21cm(Hb)
490 _aStatus of women series
500 _aIncludes bibliographical references and Index
650 _aIndian women
_xSocial aspects
_974987
650 _aIndian heritage and traditions
_974988
942 _2ddc
_cEN
_h305.420954
_mSHA
999 _c124054
_d124054